Statistics for Nathan Rulton

Click here to take the quiz!

General Stats

  • This quiz has been taken 23 times
  • The average score is 11 of 14

Answer Stats

HintAnswer% Correct
Biology
86%
Chemistry
86%
Physics
86%
What is his favourite food?Vegemite
86%
What Does Nathan Smell Like?A Rotting Corpse
79%
Where does he sleep?Cryopod
79%
Subjects he has at school
Math Methods
79%
What sport does he play?Football
79%
General English
79%
Japanese
79%
What's his brother's name?Matthew
79%
Residence?Mount Nathan
79%
What is his favourite drinkUp'n Go
79%
His Middle Name?Levi
71%

Score Distribution

Percentile by Number Answered

Percent of People with Each Score

Your Score History

You have not taken this quiz